Normal view
MARC view
- Atkins
Entry Corporate Name
001 - CONTROL NUMBER
- control field: 5263
003 - CONTROL NUMBER IDENTIFIER
- control field: SIRSI
005 - DATE AND TIME OF LATEST TRANSACTION
- control field: 20190806150241.0
008 - FIXED-LENGTH DATA ELEMENTS
- fixed length control field: 070711n| acannaabn |n ana d
040 ## - CATALOGING SOURCE
- Original cataloging agency: OSt
- Transcribing agency: OSt
110 2# - HEADING--CORPORATE NAME
- Corporate name or jurisdiction name as entry element: Atkins
670 ## - SOURCE DATA FOUND
- Source citation: Half of women encounter discrimination at work, 2007